Detalles MARC
| 000 -CABECERA |
| campo de control de longitud fija |
00311nas a22001337a 4500 |
| 001 - NÚMERO DE CONTROL |
| campo de control |
T027600012910-00 |
| 008 - DATOS DE LONGITUD FIJA--INFORMACIÓN GENERAL |
| campo de control de longitud fija |
190830b xxu||||| |||| 00| 0 esp | |
| 040 ## - FUENTE DE LA CATALOGACIÓN |
| Centro catalogador/agencia de origen |
FEVP |
| Centro/agencia transcriptor |
FEVP |
| 245 ## - MENCIÓN DE TÍTULO |
| Título |
Apropaca |
| 260 ## - PUBLICACIÓN, DISTRIBUCIÓN, ETC. |
| Fecha de publicación, distribución, etc. |
1993 |
| 300 ## - DESCRIPCIÓN FÍSICA |
| Extensión |
80p. |
| 650 ## - PUNTO DE ACCESO ADICIONAL DE MATERIA--TÉRMINO DE MATERIA |
| Término de materia o nombre geográfico como elemento de entrada |
Conservación de los Recursos Naturales--Venezuela |
| 942 ## - ELEMENTOS DE PUNTO DE ACCESO ADICIONAL (KOHA) |
| Tipo de ítem Koha |
Revista |